Stručný výklad ekonomické statistiky

Guardado en:
Detalles Bibliográficos
Autor principal: Jílek, Jaroslav
Autor Corporativo: Vysoká škola ekonomická v Praze. Národohospodářská fakulta
Formato: Libro
Lenguaje:checo
Publicado: Praha Státní pedagogické nakladatelství 1974
Etiquetas: Agregar Etiqueta
Sin Etiquetas, Sea el primero en etiquetar este registro!

MARC

LEADER 00000nam a2200000 4500
001 c120656
005 20190506133321.1
041 0 |a cze 
044 |a CZ 
245 1 0 |a Stručný výklad ekonomické statistiky  |c Jaroslav Jílek 
264 1 |a Praha  |b Státní pedagogické nakladatelství  |c 1974 
300 |a 297 s. 
100 1 |a Jílek, Jaroslav 
710 2 |a Vysoká škola ekonomická v Praze. Národohospodářská fakulta